El arzobispo de Toledo, Alonso Carrillo : (Record n. 11343)

Dettagli MARC
000 -LEADER
fixed length control field 00932nam a2200241 i 4500
003 - CONTROL NUMBER IDENTIFIER
control field IT-RoINE
005 - DATE AND TIME OF LATEST TRANSACTION
control field 20160330191020.0
008 - FIXED-LENGTH DATA ELEMENTS--GENERAL INFORMATION
fixed length control field 150202s2014 sp |r||||o000 0bspa d
020 ## - INTERNATIONAL STANDARD BOOK NUMBER
International Standard Book Number 9788498284775
040 ## - CATALOGING SOURCE
Original cataloging agency SpMaBN
Transcribing agency SpMaBN IT-RoINE
Description conventions rdc
Modifying agency IT-RoINE
100 1# - MAIN ENTRY--PERSONAL NAME
Personal name Franco Silva, Alfonso
9 (RLIN) 7294
245 13 - TITLE STATEMENT
Title El arzobispo de Toledo, Alonso Carrillo :
Remainder of title un prelado belicoso del siglo XV, apasionado por la riqueza y el poder /
Statement of responsibility, etc Alfonso Franco Silva.
260 ## - PUBLICATION, DISTRIBUTION, ETC. (IMPRINT)
Place of publication, distribution, etc Cádiz :
Name of publisher, distributor, etc Universidad de Cádiz,
Date of publication, distribution, etc 2014.
300 ## - PHYSICAL DESCRIPTION
Extent 166 p. ;
Dimensions 20 cm.
336 ## - CONTENT TYPE
Content type term Texto (visual)
Source isbdcontent
337 ## - MEDIA TYPE
Source rdamedia
Media type term unmediated
338 ## - CARRIER TYPE
Source rdacarrier
Carrier type term volume
490 1# - SERIES STATEMENT
Series statement Monografías. Historia y arte
600 14 - SUBJECT ADDED ENTRY--PERSONAL NAME
Personal name Carrillo de Acuña, Alfonso,
Dates associated with a name 1410-1482
General subdivision Biografía
9 (RLIN) 23201
650 #4 - SUBJECT ADDED ENTRY--TOPICAL TERM
Topical term or geographic name as entry element Clero
Geographic subdivision España
General subdivision Historia
Chronological subdivision Siglo 15o.
9 (RLIN) 23202
830 #0 - SERIES ADDED ENTRY--UNIFORM TITLE
9 (RLIN) 13010
Uniform title Monografías (Universidad de Cádiz).
Name of part/section of a work Historia y arte
942 ## - ADDED ENTRY ELEMENTS (KOHA)
Item type Monografías
Dati di copia
Withdrawn status Lost status Damaged status Not for loan Home library Current library Date acquired Total Checkouts Full call number Barcode Date last seen Price effective from Koha item type
        Iglesia Nacional Española en Roma Iglesia Nacional Española en Roma 30/03/2016   BIO 2086 23003 30/03/2016 30/03/2016 Monografías